00000000cas 2200000zi 4500
0019.902373
003CaOODSP
00520260304073434
006m     o  d f      
007cr cn ||||||||
008210806c20119999onctr p o    f0###a0eng|d
022 |a2819-2001
040 |aCaOODSP|beng|erda|cCaOODSP
043 |an-cn---
0861 |aT12-12E-PDF
1101 |aCanada. |bTransport Canada, |eauthor, |eissuing body.
222 0|aTransport Canada quarterly financial report
24510|aTransport Canada quarterly financial report : |bstatement outlining results, risks and significant changes in operations, personnel and program for the quarter ended ...
2461 |iIssues for December 31, 2011- have title: |aQuarterly financial report of Transport Canada (unaudited) for the quarter ended …
264 1|a[Ottawa] : |bTransport Canada, |c[2011]-
310 |aThree times a year
336 |atext|btxt|2rdacontent
337 |acomputer|bc|2rdamedia
338 |aonline resource|bcr|2rdacarrier
3621 |aBegan with: June 30, 2011.
500 |aIssued also in French under title: Rapport financier trimestriel de Transports Canada.
520 |a"This quarterly financial report has been prepared by management as required by section 65.1 of the Financial Administration Act and in the form and manner prescribed by the Directive on Accounting Standards, GC 4400 Departmental Quarterly Financial Report. The quarterly report should be read in conjunction with the Main Estimates and Supplementary Estimates (A). This quarterly report has not been subject to an external audit or review"--Introduction.
588 |aDescription based on: June 30, 2011.
588 |aLatest issue consulted: December 31st, 2024.
61010|aCanada. |bTransport Canada|xAppropriations and expenditures|vPeriodicals.
650 0|aFinance, Public|zCanada|vPeriodicals.
655 7|aPeriodicals|2lcgft
77508|tRapport financier trimestriel de Transports Canada : |w(CaOODSP)9.902374